| 000 | 00560nam a2200193Ia 4500 | ||
|---|---|---|---|
| 005 | 20250508153150.0 | ||
| 008 | 008 250505s9999 xx 000 0 eng d | ||
| 037 | _aTextual | ||
| 040 |
_aFEDL _beng _cFEDL |
||
| 041 |
_aeng _2eng |
||
| 084 |
_a798.2, WIL _qFEDL |
||
| 100 |
_aWilliams Jennifer Ed. _9763307 |
||
| 245 | 0 | _aGirls' book of horses and riding | |
| 260 |
_aLondon, UK _bBurke Publishing Company Ltd. _c1961 |
||
| 300 | _a142p | ||
| 700 |
_a Williams Dorian Ed. _9763308 |
||
| 942 |
_cTEXL _h798.2, WIL |
||
| 999 |
_c1340981 _d1340981 |
||